000 00260nam a2200097Ia 4500
001 1251467
005 20251031150916.0
008 251031s9999 xx 000 0 und d
245 0 _cKATHRYN ERSKİNE
_aJ-3 FESTİVAL MÜHENDİSİ
260 _bGÜNIŞIĞI YAYINLARI
999 _c1251467
_d1251467